| 000 | 01059nam a2200241Ia 4500 | ||
|---|---|---|---|
| 001 | 10124 | ||
| 003 | GE_BSU | ||
| 008 | 181216s||||||||xx |||||||||||||| ||und|| | ||
| 020 | _a9789941200014 | ||
| 040 | _cGE_BSU | ||
| 080 | _a94(395.3)(09) | ||
| 100 | _aჯაფარიძე,ანანია მიტროპოლიტი | ||
| 245 | _aსტრაბონი კოლხეთის შესახებ (გამოკვლევა რუკებით) | ||
| 245 | _bსაქ.საპატრიარქოს რეალური ისტორიის დამდგენი მუდმივმოქმედი კომისია | ||
| 245 | _cსამეც.რედ.ი.გორგიძე. | ||
| 260 | _aთბილისი | ||
| 260 | _bტექნიკური უნ–ტი | ||
| 260 | _c2011 | ||
| 300 | _a52გვ.რუკ.28სმ. | ||
| 300 | _eსაძიებელი გვ.43-48 | ||
| 653 | _aსტრაბონი კოლხეთის შესახებ | ||
| 942 | _cBK | ||
| 999 |
_c43396 _d43396 |
||